| 000 | 00357nam a2200133Ia 4500 | ||
|---|---|---|---|
| 100 | _aAustralian National Training Authority | ||
| 650 | _aGeneral | ||
| 942 | _cBK | ||
| 654 | _aGeneral | ||
| 245 | _aNational Conference on Technical Education : The Changing needs | ||
| 260 |
_bSouth West Pub _aCincinnati _c1997 |
||
| 546 | _aENGLISH | ||
| 999 |
_c24182 _d24182 |
||